[Event "SRB Central-ch op-B 5th"]
[Site "Paracin"]
[Date "2012.07.07"]
[Round "2"]
[White "Radovic, Luka"]
[Black "Vaskovic, Dragan"]
[Result "1/2-1/2"]
[WhiteElo "1982"]
[BlackElo "1823"]
[PlyCount "55"]
[EventDate "2012.07.06"]
[EventType "swiss"]
[EventRounds "9"]
[EventCountry "SRB"]
[SourceTitle "CBM 149 Extra"]
[Source "ChessBase"]
[SourceDate "2012.08.24"]
[SourceVersion "1"]
[SourceVersionDate "2012.08.24"]
[SourceQuality "1"]

1. Nf3 Nf6 2. g3 d5 3. c4 c6 4. b3 g6 5. Bg2 Bg7 6. Bb2 0-0 7. 0-0 Nbd7 8. d3 Re8 9. Nbd2 e5 10. e4 d4 11. Ne1 c5 12. f4 Rb8 13. Nc2 Qc7 14. Qe2 Nh5 15. Bf3 Nhf6 16. Bg2 Nh5 17. f5 b6 18. Bf3 Nhf6 19. g4 h6 20. h4 Nh7 21. Kg2 Qd8 22. Rh1 Bf6 23. Qf2 g5 24. hxg5 Bxg5 25. Nf1 Kg7 26. Bc1 Bxc1 27. Rxc1 Qg5 28. Ng3 1/2-1/2

[Event "SRB Central-ch op-B 5th"]
[Site "Paracin"]
[Date "2012.07.07"]
[Round "3"]
[White "Vaskovic, Dragan"]
[Black "Radovanovic, Miroljub B"]
[Result "0-1"]
[WhiteElo "1823"]
[BlackElo "1953"]
[PlyCount "132"]
[EventDate "2012.07.06"]
[EventType "swiss"]
[EventRounds "9"]
[EventCountry "SRB"]
[SourceTitle "CBM 149 Extra"]
[Source "ChessBase"]
[SourceDate "2012.08.24"]
[SourceVersion "1"]
[SourceVersionDate "2012.08.24"]
[SourceQuality "1"]

1. e4 c5 2. c4 Nc6 3. g3 g6 4. Bg2 Bg7 5. Nc3 e5 6. d3 d6 7. Be3 Nf6 8. Nge2 Be6 9. 0-0 0-0 10. h3 h5 11. Qd2 Qd7 12. Kh2 Nh7 13. Bh6 f6 14. Bxg7 Kxg7 15. f4 Nd4 16. b3 a6 17. Rf2 Rab8 18. Raf1 b5 19. Nxd4 cxd4 20. Nd5 Bxd5 21. exd5 Qc7 22. f5 g5 23. Bf3 Qf7 24. Qa5 bxc4 25. dxc4 g4 26. hxg4 Ng5 27. Kg2 Nxf3 28. Kxf3 hxg4+ 29. Ke4 Rh8 30. Rg1 Qb7 31. Rgg2 Qb6 32. Qd2 Qb4 33. Qe2 Kf7 34. Qxg4 Qe1+ 35. Qe2 Qb1+ 36. Qd3 Qh1 37. Qf3 a5 38. Rf1 Qh6 39. Rgg1 a4 40. Rb1 a3 41. Rbd1 Qg5 42. Rg2 Rbg8 43. Rdd2 Rh3 44. Rd3 Rh1 45. Rdd2 Rgh8 46. Rc2 Rf1 47. Rcf2 Rxf2 48. Rxf2 Rh3 49. Rg2 Rh1 50. Qe2 Rf1 51. Rf2 Rxf2 52. Qxf2 Qg4+ 53. Kd3 Qd1+ 54. Qd2 Qf3+ 55. Kc2 Qxf5+ 56. Kc1 d3 57. g4 Qf1+ 58. Qd1 Qf4+ 59. Qd2 Qd4 60. Kb1 e4 61. Qh2 Kg7 62. g5 fxg5 63. Qg2 Qe3 64. Qf1 Qe2 65. Qc1 d2 66. Qc3+ Kf7 0-1

[Event "Paracin-ch"]
[Site "Paracin"]
[Date "2012.01.21"]
[Round "2"]
[White "Vaskovic, Dragan"]
[Black "Mladenovic, Stefan"]
[Result "1/2-1/2"]
[WhiteElo "1818"]
[BlackElo "2181"]
[PlyCount "101"]
[EventDate "2012.01.20"]
[EventType "swiss"]
[EventRounds "9"]
[EventCountry "SRB"]
[SourceTitle "CBM 146 Extra"]
[Source "ChessBase"]
[SourceDate "2012.02.29"]
[SourceVersion "1"]
[SourceVersionDate "2012.02.29"]
[SourceQuality "1"]

1. e4 c5 2. c4 Nc6 3. g3 g6 4. Bg2 Bg7 5. Nc3 Nf6 6. Nge2 0-0 7. 0-0 Ne8 8. d3 Nc7 9. Be3 Ne6 10. Qd2 Ned4 11. Bh6 d6 12. Bxg7 Kxg7 13. h3 Rb8 14. f4 a6 15. Nxd4 Nxd4 16. Ne2 Nxe2+ 17. Qxe2 b5 18. b3 bxc4 19. dxc4 a5 20. Rab1 Bd7 21. e5 a4 22. g4 axb3 23. Rxb3 Rxb3 24. axb3 Qb6 25. Qb2 Kg8 26. Rd1 Be6 27. exd6 exd6 28. Qc3 Rb8 29. Rd3 Qd8 30. Kh2 Rb6 31. Qa5 Qb8 32. Qa8 Qxa8 33. Bxa8 h5 34. Kg3 Ra6 35. Bd5 Bd7 36. gxh5 gxh5 37. Kh4 Ra1 38. Kxh5 Rf1 39. Kg5 Kg7 40. Rg3 Re1 41. f5 Re5 42. Rf3 f6+ 43. Kg4 Kh6 44. h4 Re1 45. Bf7 Re4+ 46. Kg3 Re5 47. Bg6 d5 48. cxd5 Rxd5 49. Kg4 Rd4+ 50. Rf4 Rd1 51. Rc4 1/2-1/2

[Event "SRB Central-ch op-B 4th"]
[Site "Paracin"]
[Date "2011.07.12"]
[Round "6"]
[White "Djuretanovic, Ivan"]
[Black "Vaskovic, Dragan"]
[Result "1-0"]
[WhiteElo "2077"]
[BlackElo "1812"]
[PlyCount "85"]
[EventDate "2011.07.08"]
[EventType "swiss"]
[EventRounds "9"]
[EventCountry "SRB"]
[SourceTitle "CBM 143 Extra"]
[Source "ChessBase"]
[SourceDate "2011.08.29"]
[SourceVersion "1"]
[SourceVersionDate "2011.08.29"]
[SourceQuality "1"]

1. e4 d6 2. d4 g6 3. f4 Bg7 4. Bc4 Nd7 5. c3 e5 6. Nf3 exf4 7. Bxf4 Nb6 8. Bb3 Be6 9. Ng5 Qe7 10. 0-0 0-0-0 11. Nd2 h6 12. Nxe6 fxe6 13. a4 g5 14. Bg3 a5 15. Qf3 d5 16. exd5 exd5 17. Rae1 Qd7 18. Bc2 Kb8 19. Kh1 Nf6 20. Be5 Rhf8 21. Qe2 h5 22. Bg6 h4 23. h3 Ne4 24. Nxe4 dxe4 25. Bxe4 Rxf1+ 26. Rxf1 Re8 27. Qf3 Rf8 28. Qe2 Rxf1+ 29. Qxf1 Bxe5 30. dxe5 g4 31. hxg4 Qxg4 32. Qf3 Qxf3 33. gxf3 Kc8 34. Kh2 Nd7 35. e6 Nc5 36. Bf5 Kd8 37. Kh3 Nxa4 38. Kxh4 Nxb2 39. Kg5 Nd1 40. Kf6 Nxc3 41. e7+ Ke8 42. Bg6+ Kd7 43. e8Q+ 1-0

[Event "SRB Central-ch op-B 4th"]
[Site "Paracin"]
[Date "2011.07.09"]
[Round "2"]
[White "Vaskovic, Dragan"]
[Black "Tomic, Slobodan"]
[Result "0-1"]
[WhiteElo "1812"]
[BlackElo "2082"]
[PlyCount "58"]
[EventDate "2011.07.08"]
[EventType "swiss"]
[EventRounds "9"]
[EventCountry "SRB"]
[SourceTitle "CBM 143 Extra"]
[Source "ChessBase"]
[SourceDate "2011.08.29"]
[SourceVersion "1"]
[SourceVersionDate "2011.08.29"]
[SourceQuality "1"]

1. e4 c5 2. c4 Nc6 3. g3 e6 4. Bg2 g6 5. Nc3 Bg7 6. d3 Nge7 7. Nge2 0-0 8. 0-0 d6 9. Be3 e5 10. h3 h6 11. Qd2 Kh7 12. f4 Nd4 13. Rf2 f5 14. Raf1 Rb8 15. fxe5 dxe5 16. Nd5 Nxd5 17. exd5 Qd6 18. Kh2 Bd7 19. b3 b6 20. Qc1 g5 21. Nc3 a6 22. Bd2 Rbe8 23. Qe1 Kh8 24. Bc1 e4 25. dxe4 Be5 26. Rd2 f4 27. Rd3 fxg3+ 28. Rxg3 Rxf1 29. Bxf1 Nf3+ 0-1